Nataka sahitya mattu rangabhumi. (Record no. 92211)
[ view plain ]
| 000 -LEADER | |
|---|---|
| fixed length control field | 00660nam a2200205Ia 4500 |
| 003 - CONTROL NUMBER IDENTIFIER | |
| control field | OSt |
| 005 - DATE AND TIME OF LATEST TRANSACTION | |
| control field | 20240319141139.0 |
| 008 - FIXED-LENGTH DATA ELEMENTS--GENERAL INFORMATION | |
| fixed length control field | 210210b1989 xxu||||| |||| 00| 0 eng d |
| 040 ## - CATALOGING SOURCE | |
| Transcribing agency | AL |
| 041 ## - LANGUAGE CODE | |
| Language code of text/sound track or separate title | Kannada |
| 082 ## - DEWEY DECIMAL CLASSIFICATION NUMBER | |
| Classification number | K894.209 GIRN |
| 100 ## - MAIN ENTRY--PERSONAL NAME | |
| Personal name | GIRADDI GOVINDARAJA. |
| Dates associated with a name | ಗಿರಡ್ಡಿ ಗೋವಿಂದರಾಜ |
| 9 (RLIN) | 155370 |
| 245 ## - TITLE STATEMENT | |
| Title | Nataka sahitya mattu rangabhumi. |
| Remainder of title | ನಾಟಕ ಸಾಹಿತ್ಯ ಮತ್ತು ರಂಗಭೂಮಿ |
| 260 ## - PUBLICATION, DISTRIBUTION, ETC. | |
| Place of publication, distribution, etc. | Sagara |
| Name of publisher, distributor, etc. | Akshara Prakashana |
| Date of publication, distribution, etc. | 1989 |
| 300 ## - PHYSICAL DESCRIPTION | |
| Extent | 134 |
| 650 ## - SUBJECT ADDED ENTRY--TOPICAL TERM | |
| Topical term or geographic name entry element | Nataka sahitya rangabhumi |
| 9 (RLIN) | 155371 |
| 690 ## - LOCAL SUBJECT ADDED ENTRY--TOPICAL TERM (OCLC, RLIN) | |
| Topical term or geographic name as entry element | Kannada Drama Criticism |
| 9 (RLIN) | 155372 |
| 906 ## - LOCAL DATA ELEMENT F, LDF (RLIN) | |
| a | 042151 |
| 942 ## - ADDED ENTRY ELEMENTS (KOHA) | |
| Source of classification or shelving scheme | Dewey Decimal Classification |
| Koha item type | Book |
| Withdrawn status | Lost status | Damaged status | Not for loan | Collection code | Home library | Current library | Shelving location | Date acquired | Source of acquisition | Cost, normal purchase price | Total Checkouts | Full call number | Barcode | Date last seen | Price effective from | Koha item type |
|---|---|---|---|---|---|---|---|---|---|---|---|---|---|---|---|---|
| St Aloysius Library | St Aloysius Library | 02/17/2021 | Athree Book Centre, Mangalore-01. | 20.00 | K894.209 GIRN | 042151 | 02/17/2021 | 02/17/2021 | Book |